Garden of Eden (Lady Gaga) - Lyrics - Statistics

General Stats
  • This quiz has been taken 124 times
  • The average score is 318 of 372
Answer Stats
Answer % Correct
I
100%
you
100%
You
100%
a
99%
of
99%
the
99%
to
96%
for
95%
girlfriend
95%
your
95%
be
94%
Eden
94%
garden
94%
my
94%
My
94%
boyfriend
93%
could
93%
weekend
93%
night
92%
on
90%
Take
90%
take
90%
Come
89%
come
89%
me
89%
can
87%
and
86%
hit
86%
bad
85%
make
85%
decision
82%
I'll
82%
excuse
81%
get
81%
DJ
80%
floor
80%
lights
80%
more
80%
friend
79%
candy
77%
in
77%
You're
77%
Go
76%
life
76%
meet
76%
bite
75%
friends
74%
close
73%
whole
73%
feelin
71%
like
71%
Like
71%
I've
70%
i've
70%
out
70%
apple
69%
Bodies
69%
bodies
69%
gettin
69%
Poison
69%
so
69%
heels
68%
known
68%
nine
67%
start
67%
this
67%
been
65%
inch
65%
under
65%
adrenaline
64%
familiar
64%
over
64%
feeling
63%
I'm
63%
squeal
60%
from
58%
fallin
57%
mu
57%
hear
55%
is
54%
music
54%
but
52%
fun
52%
turnin
52%
her
51%
green
50%
way
49%
with
48%
party's
44%
then
44%
slur
43%
can't
42%
chick's
42%
yes
40%
say
33%
machine
23%
next
1%
No matching quizzes found
Score Distribution
Percent of People with Each Score
Percentile by Number Answered
Your Score History
You have not taken this quiz